[Event "Bariloche Peon Dama op"]
[Site "Bariloche"]
[Date "2024.03.16"]
[Round "4"]
[White "Tapiola, Esteban Luis"]
[Black "Rossi, Geronimo"]
[Result "1-0"]
[WhiteElo "1825"]
[BlackElo "1828"]
[PlyCount "71"]
[EventDate "2024.03.15"]
[EventType "swiss"]
[EventRounds "7"]
[EventCountry "ARG"]
[SourceTitle "CBM 219 Extra"]
[Source "ChessBase"]
[SourceDate "2024.05.31"]
[SourceVersion "1"]
[SourceVersionDate "2024.05.31"]
[SourceQuality "1"]

1. e4 c5 2. Nf3 Nc6 3. d4 cxd4 4. Nxd4 Nf6 5. Nc3 e5 6. Ndb5 d6 7. Bg5 a6 8. Na3 b5 9. Nd5 Be7 10. Bxf6 Bxf6 11. c3 0-0 12. Nc2 Rb8 13. Be2 Bg5 14. a4 bxa4 15. Ncb4 Nxb4 16. Nxb4 Rb6 17. Rxa4 Bb7 18. Bd3 d5 19. exd5 e4 20. Bxa6 e3 21. f3 Qd6 22. Bxb7 Rxb7 23. Ra6 Qf4 24. g3 Qc4 25. Rc6 Qb5 26. Qe2 Qa4 27. 0-0 Rd8 28. f4 Be7 29. Ra6 Qd7 30. Nc6 Bc5 31. b4 Bb6 32. Rxb6 Rxb6 33. Nxd8 Qxd8 34. Qxe3 Ra6 35. Re1 Kf8 36. Qc5+ 1-0